| 000 | 00472cam a2200193ua 4500 | ||
|---|---|---|---|
| 020 | _c2.00 | ||
| 041 |
_ahin _h |
||
| 082 |
_a891.54 _bBHA/SU |
||
| 100 | _aBhagavandin, L . | ||
| 245 |
_aSur-Panchratn / _cL Bhagavandin. _hTextual Documents |
||
| 250 |
_a1 / _b. |
||
| 260 |
_aIlahabad : _bRam Narayan Lal Beni Madhav , _c1961. |
||
| 300 | _a246 ; . | ||
| 365 | _a2.00 | ||
| 504 | _a | ||
| 700 | 1 | _aMohanvallabh, Pant . | |
| 942 | _cBK | ||
| 999 |
_c8293 _d8293 |
||